LEADER 00782cam a2200217 7i4500
001 0000054195
005 20260306090000.0
020 |a 9780521764476 (electronic book)  
020 |a 9780521147859 (electronic book)  
090 0 0 |a PN1271   |b .H72 2012 
100 1 |a Howarth, Peter  
245 1 4 |a The Cambridge Introduction to modernist poetry   |c Peter Howarth. 
300 |a 1 online resource (x, 264 pages):   |b text file, PDF. 
336 |a text  |2 rdacontent 
337 |a computer  |2 rdamedia 
338 |a online resource  |2 rdacarrier 
650 0 |a Modernism (Literature)  
650 0 |a Poetry, Modern --   |x History and criticism --   |y 20th century  
655 0 |a Electronic books 
856 4 2 |u http://library.unisel.edu.my/web/guest/mylibrary 
999 |a EBO0000668  |b EBOOK  |c EBOOK  |e Electronic resources